书目信息 |
| 题名: |
马列著作选读
|
|
| 作者: | ;马列著作选读·科学社会主义编辑组 编 | |
| 分册: | 科学社会主义 | |
| 出版信息: | 北京 人民出版社 1988.12 |
|
| 页数: | 524页 | |
| 开本: | 20cm | |
| 丛书名: | ||
| 单 册: | ||
| 中图分类: | A5 , A16 | |
| 科图分类: | ||
| 主题词: | 马列著作--选集 , 科学社会主义理论-马列著作--选集 , 马恩著作--专题汇编 | |
| 电子资源: | ||
| ISBN: | 7-01-000633-4 | |
| 000 | 00967nam0 2200265 45 | |
| 001 | 1548586965 | |
| 005 | 20150128112028.06 | |
| 010 | @a7-01-000633-4@dCNY5.70 | |
| 100 | @a19920327d1988 em y0chiy0121 ea | |
| 101 | 0 | @achi |
| 102 | @aCN@b110000 | |
| 105 | @ay z 000yy | |
| 200 | 10 | @a马列著作选读@AMA LIE ZHU ZUO XUAN DU@i科学社会主义@IKE XUE SHE HUI ZHU YI@f《马列著作选读·科学社会主义》编辑组编@F《 MA LIE ZHU ZUO XUAN DU · KE XUE SHEHUI ZHU YI 》 BIAN JI ZU BIAN |
| 210 | @a北京@c人民出版社@d1988.12@h1991.5重印 | |
| 215 | @a524页@d20cm | |
| 300 | @a书名页无编者 | |
| 540 | 1 | @a马列 科学社会主义@AMA LIE KE XUE SHE HUI ZHU YI |
| 606 | @a马列著作@x选集 | |
| 606 | @a科学社会主义理论-马列著作@x选集 | |
| 606 | 0 | @a马恩著作@x专题汇编 |
| 690 | @aA5@v三版 | |
| 690 | @aA16@v4 | |
| 711 | A2 | @a马列著作选读·科学社会主义编辑组@AMA LIE ZHU ZUO XUAN DU · KE XUE SHE HUI ZHU YI BIAN JI ZU@4编 |
| 801 | 0 | @aCN@bTSSF@c20150128 |
| 905 | @aZUCC@dA16@eJY13 | |
| 马列著作选读.科学社会主义/《马列著作选读·科学社会主义》编辑组编.-北京:人民出版社,1988.12(1991.5重印) |
| 524页;20cm |
| 书名页无编者 |
| ISBN 7-01-000633-4:CNY5.70 |
| ● |
| 相关链接 |
|
|
|
|
正题名:马列著作选读
索取号:A16/JY13
 
预约/预借
| 序号 | 登录号 | 条形码 | 馆藏地/架位号 | 状态 | 备注 |
| 1 | 7839623 | 278396237 | 学院路分馆/ [索取号:A16/JY13] | 在馆 |